[Event "Championnat National du Sénégal"]
[Site "Arène National, Pikine, Senegal"]
[Date "????.??.??"]
[Round "6.4"]
[White "Diankha, Bara"]
[Black "Valerevna, Nadezhda Marochkina"]
[Result "0-1"]
[TimeControl "01.30 fb .30"]
[WhiteElo "1400"]
[BlackElo "1668"]

1. c3 {[%clk 01:30:49]} {[%emt 00:00:07]} d5 {[%clk 01:28:46]} {[%emt
00:02:18]} 2. Nf3 {[%clk 01:30:54]} {[%emt 00:00:24]} Nf6 {[%clk 01:28:53]}
{[%emt 00:00:24]} 3. d4 {[%clk 01:30:48]} {[%emt 00:00:36]} Bg4 {[%clk
01:28:52]} {[%emt 00:00:31]} 4. Ne5 {[%clk 01:30:00]} {[%emt 00:01:18]} Bf5
{[%clk 01:28:10]} {[%emt 00:01:11]} 5. Bg5 {[%clk 01:29:51]} {[%emt 00:00:41]}
e6 {[%clk 01:26:15]} {[%emt 00:02:25]} 6. e3 {[%clk 01:29:46]} {[%emt
00:00:34]} Be7 {[%clk 01:26:07]} {[%emt 00:00:39]} 7. Bd3 {[%clk 01:28:23]}
{[%emt 00:01:52]} Bxd3 {[%clk 01:26:13]} {[%emt 00:00:25]} 8. Qxd3 {[%clk
01:28:40]} {[%emt 00:00:11]} O-O {[%clk 01:26:01]} {[%emt 00:00:44]} 9. O-O
{[%clk 01:28:38]} {[%emt 00:00:32]} Nbd7 {[%clk 01:21:34]} {[%emt 00:04:58]} 10.
Nd2 {[%clk 01:27:01]} {[%emt 00:02:06]} c5 {[%clk 01:19:23]} {[%emt 00:02:41]}
11. b3 {[%clk 01:25:33]} {[%emt 00:01:55]} h6 {[%clk 01:17:44]} {[%emt
00:02:12]} 12. Bxf6 {[%clk 01:24:49]} {[%emt 00:01:14]} Nxf6 {[%clk 01:17:48]}
{[%emt 00:00:26]} 13. Ndf3 {[%clk 01:23:39]} {[%emt 00:01:40]} Rb8 {[%clk
01:16:46]} {[%emt 00:01:32]} 14. a4 {[%clk 01:23:33]} {[%emt 00:00:36]} Qc7
{[%clk 01:08:19]} {[%emt 00:08:55]} 15. a5 {[%clk 01:21:44]} {[%emt 00:02:21]}
b5 {[%clk 01:06:28]} {[%emt 00:02:21]} 16. axb6 {[%clk 01:20:30]} {[%emt
00:01:44]} Rxb6 {[%clk 01:05:20]} {[%emt 00:01:37]} 17. Rfb1 {[%clk 01:20:17]}
{[%emt 00:00:43]} Rfb8 {[%clk 01:05:08]} {[%emt 00:00:41]} 18. Qc2 {[%clk
01:18:49]} {[%emt 00:02:00]} Ne4 {[%clk 00:45:49]} {[%emt 00:19:48]} 19. c4
{[%clk 01:09:56]} {[%emt 00:09:24]} Qb7 {[%clk 00:38:27]} {[%emt 00:07:53]} 20.
h3 {[%clk 00:50:38]} {[%emt 00:19:47]} Bd6 {[%clk 00:32:25]} {[%emt 00:06:31]}
21. Kf1 {[%clk 00:42:28]} {[%emt 00:08:40]} Bxe5 {[%clk 00:24:49]} {[%emt
00:08:07]} 22. Nxe5 {[%clk 00:42:12]} {[%emt 00:00:44]} cxd4 {[%clk 00:20:29]}
{[%emt 00:04:51]} 23. exd4 {[%clk 00:41:54]} {[%emt 00:00:48]} dxc4 {[%clk
00:13:48]} {[%emt 00:07:11]} 24. Nxc4 {[%clk 00:39:02]} {[%emt 00:03:22]} Rb4
{[%clk 00:12:57]} {[%emt 00:01:20]} 25. f3 {[%clk 00:36:32]} {[%emt 00:03:01]}
Nf6 {[%clk 00:12:35]} {[%emt 00:00:52]} 26. Ra3 {[%clk 00:33:15]} {[%emt
00:03:47]} Nd5 {[%clk 00:11:30]} {[%emt 00:01:35]} 27. Qd3 {[%clk 00:29:50]}
{[%emt 00:03:53]} Rxc4 {[%clk 00:10:31]} {[%emt 00:01:32]} 28. bxc4 {[%clk
00:26:25]} {[%emt 00:03:55]} Qxb1+ {[%clk 00:10:56]} {[%emt 00:00:05]} 29. Qxb1
{[%clk 00:26:53]} {[%emt 00:00:02]} Rxb1+ {[%clk 00:11:16]} {[%emt 00:00:09]}
30. Kf2 {[%clk 00:26:29]} {[%emt 00:00:53]} Nb6 {[%clk 00:10:05]} {[%emt
00:01:43]} 31. c5 {[%clk 00:26:04]} {[%emt 00:00:55]} Nc8 {[%clk 00:10:13]}
{[%emt 00:00:21]} 32. c6 {[%clk 00:25:47]} {[%emt 00:00:47]} Rb6 {[%clk
00:09:53]} {[%emt 00:00:48]} 33. Rc3 {[%clk 00:25:39]} {[%emt 00:00:40]} Kf8
{[%clk 00:10:08]} {[%emt 00:00:14]} 34. Ke3 {[%clk 00:26:03]} {[%emt 00:00:08]}
Ke7 {[%clk 00:10:29]} {[%emt 00:00:09]} 35. Ke4 {[%clk 00:25:15]} {[%emt
00:01:18]} Kd6 {[%clk 00:10:53]} {[%emt 00:00:06]} 36. c7 {[%clk 00:23:55]}
{[%emt 00:01:50]} Rc6 {[%clk 00:10:57]} {[%emt 00:00:25]} 37. Rb3 {[%clk
00:24:03]} {[%emt 00:00:23]} Kxc7 {[%clk 00:11:15]} {[%emt 00:00:12]} 38. Rb2
{[%clk 00:23:20]} {[%emt 00:01:13]} Nd6+ {[%clk 00:11:18]} {[%emt 00:00:26]} 39.
Kf4 {[%clk 00:22:51]} {[%emt 00:00:59]} a5 {[%clk 00:11:37]} {[%emt 00:00:13]}
40. g4 {[%clk 00:21:55]} {[%emt 00:01:26]} a4 {[%clk 00:11:54]} {[%emt
00:00:12]} 41. Ra2 {[%clk 00:21:40]} {[%emt 00:00:46]} Ra6 {[%clk 00:12:17]}
{[%emt 00:00:07]} 42. h4 {[%clk 00:20:18]} {[%emt 00:01:52]} a3 {[%clk
00:12:43]} {[%emt 00:00:04]} 43. h5 {[%clk 00:19:29]} {[%emt 00:01:18]} Nb5
{[%clk 00:13:03]} {[%emt 00:00:11]} 44. Ke5 {[%clk 00:18:53]} {[%emt 00:01:06]}
Ra4 {[%clk 00:12:55]} {[%emt 00:00:38]} 45. d5 {[%clk 00:19:08]} {[%emt
00:00:16]} exd5 {[%clk 00:13:15]} {[%emt 00:00:10]} 46. Kxd5 {[%clk 00:19:35]}
{[%emt 00:00:02]} Nc3+ {[%clk 00:13:37]} {[%emt 00:00:09]} 47. Ke4 {[%emt
00:05:53]} 0-1

[Event "Championnat National du Sénégal"]
[Site "Arène National, Pikine, Seneg"]
[Date "????.??.??"]
[Round "6.3"]
[White "Bodin-Hulin, Thomas"]
[Black "Lesbros, Bernard"]
[Result "0-1"]
[WhiteElo "1838"]
[BlackElo "1878"]
[PlyCount "80"]

1. e4 c5 2. Nf3 Nc6 3. d4 cxd4 4. Nxd4 g6 5. Nc3 Bg7 6. Be3 Nf6 7. Bc4 Qa5 8.
Nxc6 bxc6 9. Qf3 O-O 10. O-O Rb8 11. Rab1 Rxb2 12. Rxb2 Qxc3 13. Bxf7+ Rxf7 14.
Rb8 Rf8 15. Bxa7 Qxc2 16. Re1 Qxa2 17. Bd4 Ne8 18. Qe3 Bxd4 19. Qxd4 Nf6 20. f3
Qe6 21. Ra1 d5 22. exd5 Nxd5 23. h3 Nf4 24. Qb6 Qe2 25. Qf2 Qxf2+ 26. Kxf2 Be6
27. Rb7 Kf7 28. Kg3 Nd5 29. Re1 Rc8 30. Rc1 c5 31. Kf2 Kf6 32. Ra7 c4 33. h4 c3
34. g4 Nb4 35. Ke3 Rd8 36. Ra5 c2 37. Ke2 Bc4+ 38. Ke3 Rd3+ 39. Ke4 Bd5+ 40.
Kf4 Rxf3# 0-1

[Event "Championnat National du Sénégal"]
[Site "Arène National, Pikine, Senegal"]
[Date "2022.11.19"]
[Round "7.5"]
[White "CM Wane, Al Hassane"]
[Black "Koné, Sidy"]
[Result "0-1"]
[TimeControl "01.30 fb .30"]
[WhiteElo "1789"]
[BlackElo "1400"]

1. d4 {[%clk 01:30:58]} {[%emt 00:00:01]} Nf6 {[%clk 01:30:46]} {[%emt
00:00:14]} 2. c4 {[%clk 01:31:23]} {[%emt 00:00:05]} g6 {[%clk 01:30:56]}
{[%emt 00:00:20]} 3. Nf3 {[%clk 01:31:47]} {[%emt 00:00:05]} Bg7 {[%clk
01:30:38]} {[%emt 00:00:48]} 4. Nc3 {[%clk 01:32:11]} {[%emt 00:00:06]} d5
{[%clk 01:30:52]} {[%emt 00:00:15]} 5. cxd5 {[%clk 01:32:24]} {[%emt 00:00:17]}
Nxd5 {[%clk 01:31:08]} {[%emt 00:00:15]} 6. e4 {[%clk 01:32:43]} {[%emt
00:00:11]} Nxc3 {[%clk 01:31:20]} {[%emt 00:00:17]} 7. bxc3 {[%clk 01:33:12]}
{[%emt 00:00:01]} c5 {[%clk 01:31:10]} {[%emt 00:00:40]} 8. Bb5+ {[%clk
01:32:36]} {[%emt 00:01:06]} Bd7 {[%clk 01:28:32]} {[%emt 00:03:09]} 9. Bxd7+
{[%emt 00:00:15]} Qxd7 {[%clk 01:27:07]} {[%emt 00:01:53]} 10. e5 {[%clk
01:33:00]} {[%emt 00:00:21]} O-O {[%clk 01:26:25]} {[%emt 00:01:12]} 11. O-O
{[%emt 00:00:04]} cxd4 {[%emt 00:01:00]} 12. cxd4 {[%clk 01:32:22]} {[%emt
00:00:04]} Nc6 {[%clk 01:25:49]} {[%emt 00:01:07]} 13. Bb2 {[%clk 01:32:03]}
{[%emt 00:00:48]} Rfd8 {[%clk 01:23:33]} {[%emt 00:02:46]} 14. Qb3 {[%clk
01:31:06]} {[%emt 00:01:27]} e6 {[%clk 01:20:00]} {[%emt 00:04:03]} 15. Rad1
{[%clk 01:29:21]} {[%emt 00:02:15]} Ne7 {[%clk 01:16:30]} {[%emt 00:03:59]} 16.
Ng5 {[%clk 01:28:18]} {[%emt 00:01:33]} h6 {[%clk 01:12:47]} {[%emt 00:04:14]}
17. Ne4 {[%clk 01:28:38]} {[%emt 00:00:10]} Qd5 {[%clk 01:11:44]} {[%emt
00:01:33]} 18. Qf3 {[%clk 01:24:27]} {[%emt 00:04:40]} Nf5 {[%clk 01:00:26]}
{[%emt 00:11:49]} 19. g4 {[%clk 01:22:00]} {[%emt 00:02:57]} Nh4 {[%clk
00:59:15]} {[%emt 00:01:41]} 20. Nf6+ {[%clk 01:21:50]} {[%emt 00:00:40]} Bxf6
{[%clk 00:59:22]} {[%emt 00:00:23]} 21. Qxd5 {[%clk 01:22:17]} {[%emt
00:00:03]} Rxd5 {[%clk 00:59:00]} {[%emt 00:00:53]} 22. exf6 {[%clk 01:21:27]}
{[%emt 00:00:08]} Rad8 {[%clk 00:57:56]} {[%emt 00:02:46]} 23. Rd3 {[%clk
01:21:37]} {[%emt 00:00:20]} g5 {[%clk 00:54:46]} {[%emt 00:03:40]} 24. f4
{[%clk 01:18:52]} {[%emt 00:03:15]} Kh7 {[%clk 00:53:47]} {[%emt 00:01:30]} 25.
fxg5 {[%clk 01:19:14]} {[%emt 00:00:07]} hxg5 {[%clk 00:53:31]} {[%emt
00:00:45]} 26. Rb3 {[%clk 01:17:03]} {[%emt 00:02:43]} R8d7 {[%clk 00:51:41]}
{[%emt 00:03:08]} 27. Kf2 {[%clk 01:16:11]} {[%emt 00:00:31]} Kg6 {[%clk
00:45:19]} {[%emt 00:06:53]} 28. Kg3 {[%emt 00:00:51]} Rc7 {[%emt 00:02:14]} 29.
Rf2 {[%clk 01:11:17]} {[%emt 00:02:17]} Ra5 {[%clk 00:42:03]} {[%emt 00:03:48]}
30. a3 {[%clk 01:11:28]} {[%emt 00:00:19]} Ra4 {[%clk 00:41:26]} {[%emt
00:01:07]} 31. Rb5 {[%clk 01:10:11]} {[%emt 00:01:47]} Rxa3+ {[%clk 00:38:21]}
{[%emt 00:03:36]} 0-1

[Event "Championnat National du Sénégal"]
[Site "Arène National, Pikine, Senegal"]
[Date "2022.11.19"]
[Round "7.2"]
[White "Valerevna, Nadezhda Marochkina"]
[Black "Ly, Abdoulaye Aziz"]
[Result "0-1"]
[TimeControl "01.30 fb .30"]
[WhiteElo "1668"]
[BlackElo "1400"]

1. d4 {[%clk 00:00:00]} {[%emt 00:17:18]} d5 {[%clk 01:29:10]} {[%emt
00:01:59]} 2. c4 {[%clk 01:31:24]} {[%emt 00:00:06]} e6 {[%clk 01:29:17]}
{[%emt 00:00:23]} 3. Nf3 {[%clk 01:31:04]} {[%emt 00:00:50]} a6 {[%clk
01:26:54]} {[%emt 00:02:53]} 4. e3 {[%clk 01:30:34]} {[%emt 00:01:01]} Nf6
{[%clk 01:26:38]} {[%emt 00:00:44]} 5. Nc3 {[%clk 01:30:47]} {[%emt 00:00:19]}
dxc4 {[%clk 01:25:50]} {[%emt 00:01:17]} 6. Bxc4 {[%clk 01:31:09]} {[%emt
00:00:08]} b5 {[%clk 01:26:06]} {[%emt 00:00:15]} 7. Be2 {[%clk 01:31:20]}
{[%emt 00:00:18]} Bd6 {[%clk 01:25:11]} {[%emt 00:01:24]} 8. O-O {[%clk
01:31:17]} {[%emt 00:00:34]} O-O {[%clk 01:25:00]} {[%emt 00:00:42]} 9. Qc2
{[%clk 01:30:25]} {[%emt 00:01:20]} Nbd7 {[%clk 01:22:36]} {[%emt 00:02:55]} 10.
a3 {[%clk 01:29:40]} {[%emt 00:01:16]} e5 {[%clk 01:21:45]} {[%emt 00:01:21]}
11. b4 {[%clk 01:29:26]} {[%emt 00:00:43]} Bb7 {[%clk 01:21:15]} {[%emt
00:01:01]} 12. Bb2 {[%clk 01:26:45]} {[%emt 00:03:10]} Re8 {[%clk 01:18:55]}
{[%emt 00:02:49]} 13. Rfd1 {[%clk 01:26:24]} {[%emt 00:00:54]} Qe7 {[%clk
01:17:33]} {[%emt 00:01:49]} 14. Nb1 {[%clk 01:21:47]} {[%emt 00:05:08]} Be4
{[%clk 01:14:21]} {[%emt 00:03:42]} 15. Qc1 {[%clk 01:21:31]} {[%emt 00:00:45]}
Rac8 {[%clk 01:12:32]} {[%emt 00:02:21]} 16. Nfd2 {[%clk 01:20:24]} {[%emt
00:01:37]} Bb7 {[%clk 01:11:49]} {[%emt 00:01:12]} 17. Nb3 {[%clk 01:19:03]}
{[%emt 00:01:51]} exd4 {[%clk 01:08:43]} {[%emt 00:03:36]} 18. Bxd4 {[%clk
01:18:37]} {[%emt 00:00:56]} Ne4 {[%clk 01:07:41]} {[%emt 00:01:30]} 19. N1d2
{[%clk 01:16:07]} {[%emt 00:03:01]} Bxh2+ {[%clk 01:03:29]} {[%emt 00:04:42]}
20. Kf1 {[%clk 01:13:44]} {[%emt 00:02:53]} Qg5 {[%clk 00:59:58]} {[%emt
00:03:46]} 21. Nf3 {[%clk 01:12:11]} {[%emt 00:02:19]} Qh6 {[%clk 00:59:10]}
{[%emt 00:01:16]} 22. Nbd2 {[%clk 01:02:08]} {[%emt 00:10:35]} Bd6 {[%clk
00:58:45]} {[%emt 00:00:53]} 23. Bd3 {[%clk 01:00:10]} {[%emt 00:02:30]} Qh1+
{[%clk 00:54:41]} {[%emt 00:04:34]} 24. Ke2 {[%clk 01:00:17]} {[%emt 00:00:23]}
Ng3+ {[%clk 00:54:43]} {[%emt 00:00:27]} 0-1

[Event "Championnat National du Sénégal"]
[Site "Arène National, Pikine, Senegal"]
[Date "2022.11.19"]
[Round "7.4"]
[White "Ba, El Hadji Seydou Nourou"]
[Black "Bodin-Hulin, Thomas"]
[Result "1-0"]
[TimeControl "01.30 fb .30"]
[WhiteElo "1644"]
[BlackElo "1838"]

1. e4 {[%clk 01:29:27]} {[%emt 00:01:31]} e6 {[%clk 01:30:31]} {[%emt
00:00:30]} 2. d4 {[%clk 01:29:51]} {[%emt 00:00:06]} d5 {[%clk 01:30:56]}
{[%emt 00:00:05]} 3. e5 {[%clk 01:30:15]} {[%emt 00:00:06]} c5 {[%clk
01:31:19]} {[%emt 00:00:08]} 4. c3 {[%clk 01:30:36]} {[%emt 00:00:09]} Nc6
{[%clk 01:31:38]} {[%emt 00:00:11]} 5. Nf3 {[%clk 01:30:48]} {[%emt 00:00:18]}
Bd7 {[%clk 01:31:55]} {[%emt 00:00:13]} 6. Bd3 {[%clk 01:31:11]} {[%emt
00:00:06]} Rc8 {[%clk 01:32:06]} {[%emt 00:00:19]} 7. O-O {[%clk 01:29:26]}
{[%emt 00:02:15]} cxd4 {[%clk 01:32:08]} {[%emt 00:00:29]} 8. Re1 {[%clk
01:29:33]} {[%emt 00:00:22]} Nge7 {[%clk 01:25:51]} {[%emt 00:06:47]} 9. h4
{[%clk 01:29:47]} {[%emt 00:00:17]} a6 {[%clk 01:21:42]} {[%emt 00:04:39]} 10.
a3 {[%clk 01:27:21]} {[%emt 00:02:56]} Qb6 {[%clk 01:05:49]} {[%emt 00:16:22]}
11. b4 {[%clk 01:16:29]} {[%emt 00:11:22]} dxc3 {[%clk 00:49:43]} {[%emt
00:16:37]} 12. Nxc3 {[%clk 01:16:25]} {[%emt 00:00:34]} Nxe5 {[%clk 00:45:56]}
{[%emt 00:04:17]} 13. Nxe5 {[%clk 01:16:45]} {[%emt 00:00:10]} Rxc3 {[%clk
00:46:10]} {[%emt 00:00:18]} 14. Bb2 {[%clk 01:14:27]} {[%emt 00:02:46]} Rc8
{[%clk 00:40:07]} {[%emt 00:06:32]} 15. Qf3 {[%clk 01:12:58]} {[%emt 00:01:59]}
f5 {[%clk 00:33:34]} {[%emt 00:07:04]} 16. Qh5+ {[%clk 01:11:09]} {[%emt
00:02:18]} g6 {[%clk 00:30:55]} {[%emt 00:03:09]} 17. Nxg6 {[%clk 01:11:02]}
{[%emt 00:00:37]} Nxg6 {[%clk 00:19:21]} {[%emt 00:12:04]} 18. Bxh8 {[%clk
01:10:45]} {[%emt 00:00:47]} Qd6 {[%clk 00:18:53]} {[%emt 00:00:59]} 19. Bxf5
{[%clk 01:08:24]} {[%emt 00:02:50]} Kd8 {[%clk 00:18:11]} {[%emt 00:01:14]} 20.
Bxg6 {[%clk 01:05:50]} {[%emt 00:03:03]} hxg6 {[%clk 00:18:22]} {[%emt
00:00:19]} 21. Qxg6 {[%clk 01:05:39]} {[%emt 00:00:41]} Rc4 {[%clk 00:18:13]}
{[%emt 00:00:38]} 22. Rac1 {[%clk 01:00:54]} {[%emt 00:05:15]} b5 {[%clk
00:18:06]} {[%emt 00:15:49]} 23. h5 {[%clk 00:52:38]} Qf4 {[%clk 00:16:40]} 24.
Rxc4 {[%clk 00:47:34]} {[%emt 00:01:05]} bxc4 {[%clk 00:16:27]} {[%emt
00:00:43]} 25. Qf6+ {[%clk 00:47:55]} {[%emt 00:00:08]} Qxf6 {[%clk 00:16:27]}
{[%emt 00:00:31]} 26. Bxf6+ {[%clk 00:48:20]} {[%emt 00:00:06]} Ke8 {[%clk
00:16:48]} {[%emt 00:00:09]} 27. g4 {[%clk 00:46:16]} {[%emt 00:02:31]} Kf7
{[%clk 00:16:24]} {[%emt 00:00:56]} 28. g5 {[%clk 00:42:55]} {[%emt 00:03:51]}
Bg7 {[%clk 00:09:49]} {[%emt 00:07:05]} 29. Bxg7 {[%clk 00:43:00]} {[%emt
00:00:26]} Kxg7 {[%clk 00:10:15]} {[%emt 00:00:03]} 30. f4 {[%clk 00:43:17]}
{[%emt 00:00:13]} c3 {[%clk 00:08:53]} {[%emt 00:01:52]} 31. Kf2 {[%clk
00:21:02]} {[%emt 00:22:44]} d4 {[%clk 00:08:24]} {[%emt 00:01:00]} 32. Rc1
{[%clk 00:18:39]} {[%emt 00:02:53]} Bb5 {[%clk 00:03:29]} {[%emt 00:05:25]} 33.
Ke1 {[%clk 00:12:28]} {[%emt 00:06:41]} Bd3 {[%clk 00:02:35]} {[%emt 00:01:24]}
34. Rd1 {[%clk 00:12:12]} {[%emt 00:00:46]} c2 {[%clk 00:02:26]} {[%emt
00:00:39]} 35. Rc1 {[%clk 00:12:32]} {[%emt 00:00:09]} Bf5 {[%clk 00:02:00]}
{[%emt 00:00:56]} 36. Kd2 {[%clk 00:12:46]} {[%emt 00:00:16]} d3 {[%clk
00:02:15]} {[%emt 00:00:15]} 37. a4 {[%clk 00:12:34]} {[%emt 00:00:42]} Kf7
{[%clk 00:01:56]} {[%emt 00:00:49]} 38. b5 {[%clk 00:12:50]} {[%emt 00:00:15]}
axb5 {[%clk 00:02:18]} {[%emt 00:00:08]} 39. axb5 {[%clk 00:13:15]} {[%emt
00:00:04]} Ke7 {[%clk 00:02:32]} {[%emt 00:00:16]} 40. b6 {[%clk 00:12:11]}
{[%emt 00:01:34]} Kd6 {[%clk 00:02:48]} {[%emt 00:00:14]} 41. g6 {[%clk
00:12:10]} {[%emt 00:00:31]} Kc6 {[%clk 00:02:59]} {[%emt 00:00:20]} 42. g7
{[%clk 00:12:28]} {[%emt 00:00:12]} Bh7 {[%clk 00:03:14]} {[%emt 00:00:14]} 43.
Rg1 {[%clk 00:12:48]} {[%emt 00:00:10]} Bg8 {[%clk 00:01:57]} {[%emt 00:01:48]}
44. h6 {[%clk 00:13:07]} {[%emt 00:00:12]} Kxb6 {[%clk 00:02:19]} {[%emt
00:00:08]} 45. h7 {[%clk 00:13:22]} {[%emt 00:00:13]} Bxh7 {[%clk 00:02:45]}
{[%emt 00:00:04]} 46. g8=Q {[%clk 00:13:42]} {[%emt 00:00:10]} Bxg8 {[%clk
00:03:04]} {[%emt 00:00:12]} 47. Rxg8 {[%clk 00:14:07]} {[%emt 00:00:04]} Kb5
{[%clk 00:03:20]} {[%emt 00:00:14]} 48. Rc8 {[%clk 00:13:52]} {[%emt 00:00:45]}
1-0

[Event "Championnat National du Sénégal"]
[Site "Arène National, Pikine, Senegal"]
[Date "2022.11.19"]
[Round "7.1"]
[White "Diatta, Robert Kaundum A."]
[Black "Diop, Wara"]
[Result "0-1"]
[TimeControl "01.30 fb .30"]
[WhiteElo "1635"]
[BlackElo "1636"]

1. d4 {[%clk 01:30:18]} {[%emt 00:00:41]} d5 {[%clk 01:30:33]} {[%emt
00:00:28]} 2. e3 {[%clk 01:30:21]} {[%emt 00:00:27]} c5 {[%clk 01:30:14]}
{[%emt 00:00:49]} 3. c3 {[%clk 01:30:00]} {[%emt 00:00:51]} Bf5 {[%clk
01:29:52]} {[%emt 00:00:53]} 4. Bd3 {[%clk 01:30:16]} {[%emt 00:00:14]} Qd7
{[%clk 01:29:10]} {[%emt 00:01:11]} 5. f4 {[%clk 01:30:08]} {[%emt 00:00:38]}
Bxd3 {[%clk 01:27:28]} {[%emt 00:02:12]} 6. Qxd3 {[%clk 01:30:26]} {[%emt
00:00:11]} c4 {[%clk 01:22:27]} {[%emt 00:05:32]} 7. Qc2 {[%clk 01:30:10]}
{[%emt 00:00:45]} f5 {[%clk 01:21:27]} {[%emt 00:01:31]} 8. Nf3 {[%clk
01:30:28]} {[%emt 00:00:11]} Nc6 {[%clk 01:20:38]} {[%emt 00:01:19]} 9. O-O
{[%clk 01:30:45]} {[%emt 00:00:12]} Nf6 {[%clk 01:19:36]} {[%emt 00:01:32]} 10.
Ne5 {[%clk 01:30:34]} {[%emt 00:00:43]} Nxe5 {[%clk 01:15:08]} {[%emt
00:04:57]} 11. dxe5 {[%clk 01:30:38]} {[%emt 00:00:26]} Ne4 {[%clk 01:14:32]}
{[%emt 00:01:08]} 12. Nd2 {[%clk 01:30:23]} {[%emt 00:00:43]} Nc5 {[%clk
01:14:12]} {[%emt 00:00:49]} 13. Nf3 {[%clk 01:30:26]} {[%emt 00:00:28]} e6
{[%clk 01:08:33]} {[%emt 00:06:09]} 14. Nd4 {[%clk 01:30:08]} {[%emt 00:00:49]}
Ne4 {[%clk 01:07:09]} {[%emt 00:01:53]} 15. Bd2 {[%clk 01:28:20]} {[%emt
00:02:18]} Be7 {[%clk 01:02:49]} {[%emt 00:04:50]} 16. Be1 {[%clk 01:28:26]}
{[%emt 00:00:24]} g5 {[%clk 01:01:35]} {[%emt 00:01:43]} 17. b3 {[%clk
01:25:19]} {[%emt 00:03:38]} Rc8 {[%clk 00:59:39]} {[%emt 00:02:25]} 18. bxc4
{[%clk 01:25:25]} {[%emt 00:00:24]} Rxc4 {[%clk 00:58:52]} {[%emt 00:01:17]} 19.
Qb3 {[%clk 01:25:28]} {[%emt 00:00:27]} gxf4 {[%clk 00:57:16]} {[%emt
00:02:05]} 20. exf4 {[%clk 01:25:38]} {[%emt 00:00:21]} Bc5 {[%clk 00:56:35]}
{[%emt 00:01:10]} 21. Kh1 {[%clk 01:20:08]} {[%emt 00:06:01]} Bxd4 {[%clk
00:55:35]} {[%emt 00:01:31]} 22. cxd4 {[%clk 01:19:50]} {[%emt 00:00:47]} Rxd4
{[%emt 00:01:27]} 23. Qa3 {[%emt 00:01:41]} b6 {[%clk 00:49:41]} {[%emt
00:03:17]} 24. Bh4 {[%clk 01:11:32]} {[%emt 00:08:47]} Rg8 {[%clk 00:46:31]}
{[%emt 00:03:40]} 25. g3 {[%clk 01:11:19]} {[%emt 00:00:43]} Rc4 {[%clk
00:42:31]} {[%emt 00:04:30]} 26. Qa6 {[%clk 01:05:53]} {[%emt 00:05:57]} Nc5
{[%clk 00:38:52]} {[%emt 00:04:09]} 27. Qa3 {[%clk 01:04:40]} {[%emt 00:01:43]}
d4 {[%clk 00:38:32]} {[%emt 00:00:48]} 28. Kg1 {[%clk 01:03:16]} {[%emt
00:01:54]} d3 {[%clk 00:37:01]} {[%emt 00:02:02]} 29. Rac1 {[%clk 01:01:18]}
{[%emt 00:02:28]} Qd4+ {[%clk 00:36:23]} {[%emt 00:01:07]} 30. Kg2 {[%clk
01:00:01]} {[%emt 00:01:47]} Ra4 {[%clk 00:35:11]} {[%emt 00:01:41]} 31. Qc3
{[%clk 00:58:23]} {[%emt 00:02:09]} Rxa2+ {[%clk 00:34:05]} {[%emt 00:01:37]}
32. Kh3 {[%clk 00:58:37]} {[%emt 00:00:14]} Qxc3 {[%clk 00:34:03]} {[%emt
00:00:33]} 33. Rxc3 {[%clk 00:58:53]} {[%emt 00:00:13]} Kd7 {[%clk 00:33:15]}
{[%emt 00:01:17]} 34. Rd1 {[%clk 00:59:11]} {[%emt 00:00:13]} d2 {[%clk
00:32:53]} {[%emt 00:00:52]} 35. Kg2 {[%clk 00:59:15]} {[%emt 00:00:26]} Rc8
{[%clk 00:31:55]} {[%emt 00:16:33]} 36. Kf3 {[%clk 00:59:27]} b5 37. Ke2 b4
{[%clk 00:27:41]} 38. Re3 {[%clk 00:59:05]} Ne4 {[%clk 00:27:34]} 39. g4 {[%clk
00:58:55]} Nc3+ {[%clk 00:27:19]} 40. Rxc3 {[%clk 00:59:08]} bxc3 41. gxf5 exf5
{[%clk 00:27:02]} 42. Rg1 {[%clk 00:59:07]} 0-1